| 000 | 01073cad a22002055a 4500 | ||
|---|---|---|---|
| 001 | E154712 | ||
| 008 | 120116e20120116xxk 000 0 eng u | ||
| 035 | _a(Sirsi) u154712 | ||
| 041 | 0 | _aeng | |
| 110 | 2 |
_aBank of Scotland _95792 |
|
| 245 | 0 | 0 |
_aScotland has the UK's most affordable housing _h[electronic resource] |
| 260 | _c2012 | ||
| 490 |
_aBank of Scotland Press Release _v16 January 2012 |
||
| 520 | _aBank of Scotland research suggests that mortgage payments for a new borrower (first time buyers and home movers) in Scotland in the second half of 2011 were at their lowest as a proportion of disposable earnings for 9 years. Mortgage payments in Scotland are lower as a proportion of disposable earnings (20%) than the UK average of 27% | ||
| 590 | _aKA | ||
| 651 | 4 |
_aScotland _y1999- |
|
| 690 | _aPROPERTY-RESIDENTIAL PROPERTY-RESIDENTIAL PROPERTY MARKET | ||
| 856 | 4 | 0 |
_uhttps://www.lloydsbankinggroup.com/media/pdfs/bos/2012/16012012Scotland_UKs_most_affordable_housing.pdf _zView the news release free of charge at www.lloydsbankinggroup.com |
| 942 | _n0 | ||
| 999 |
_c83713 _d83713 |
||